书目信息 |
| 题名: |
红墙知情者说
|
|
| 作者: | 王凡 著 | |
| 分册: | Ⅰ 从“童怀周”到“四人帮”罪证调查 | |
| 出版信息: | 北京 中国青年出版社 2011.4 |
|
| 页数: | 14,282页 | |
| 开本: | 25cm | |
| 丛书名: | ||
| 单 册: | ||
| 中图分类: | I253.1 , K260.6 | |
| 科图分类: | ||
| 主题词: | 纪实文学--作品集--中国--当代 , 现代史 | |
| 电子资源: | ||
| ISBN: | 978-7-5006-9806-7 | |
| 000 | 01050nam0 2200301 45 | |
| 001 | 1237637200 | |
| 005 | 20120619082201.68 | |
| 010 | @a978-7-5006-9806-7@dCNY36.00 | |
| 100 | @a20110822d2011 em y0chiy50 ea | |
| 101 | 0 | @achi |
| 102 | @aCN@b110000 | |
| 105 | @aa z 000yy | |
| 106 | @ar | |
| 200 | 1 | @a红墙知情者说@AHong Qiang Zhi Qing Zhe Shuo@hⅠ@i从“童怀周”到“四人帮”罪证调查@ICong“ Tong Huai Zhou” Dao“ Si Ren Bang” Zui Zheng Diao Cha@f王凡著@FWang Fan Zhu |
| 205 | @a2版 | |
| 210 | @a北京@c中国青年出版社@d2011.4 | |
| 215 | @a14,282页@c图@d25cm | |
| 330 | @a本书主要内容包括:和蒋经国从挚交到分手的漫漫履痕——民革中央名誉副主席贾亦斌访谈;“童怀周”主角与“四人帮”罪证调查——连任五届中纪委委员汪文风访谈等。 | |
| 606 | 0 | @a纪实文学@x作品集@y中国@z当代 |
| 606 | 0 | @a现代史 |
| 607 | @a纪实文学 | |
| 607 | @a中国历史 | |
| 607 | @a中国历史@x现代史@x史料 | |
| 690 | @aI253.1@v4 | |
| 690 | @aK260.6@v4 | |
| 701 | 0 | @a王凡@AWang Fan@4著 |
| 801 | 0 | @aCN@bTSTCL@c20120604 |
| 905 | @b0817623-26@dI253.1@e833:1=2@f4 | |
| 红墙知情者说.Ⅰ.从“童怀周”到“四人帮”罪证调查/王凡著.-2版.-北京:中国青年出版社,2011.4 |
| 14,282页:图;25cm |
| ISBN 978-7-5006-9806-7:CNY36.00 |
| 本书主要内容包括:和蒋经国从挚交到分手的漫漫履痕——民革中央名誉副主席贾亦斌访谈;“童怀周”主角与“四人帮”罪证调查——连任五届中纪委委员汪文风访谈等。 |
| ● |
| 相关链接 |
|
|
|
|
正题名:红墙知情者说
索取号:I253.1/833:1=2
 
预约/预借
| 序号 | 登录号 | 条形码 | 馆藏地/架位号 | 状态 | 备注 |
| 1 | 0817623 | 208176230 | 第一样本阅览室/ [索取号:I253.1/833:1=2] | 在馆 | |
| 2 | 0817624 | 208176249 | 第二借阅区/ [索取号:I253.1/833:1=2] | 在馆 | |
| 3 | 0817625 | 208176258 | 第二借阅区/ [索取号:I253.1/833:1=2] | 在馆 | |
| 4 | 0817626 | 208176267 | 第二借阅区/ [索取号:I253.1/833:1=2] | 在馆 |